000 00424nam a2200157Ia 4500
008 180921t2015 xxu||||| |||| 00| 0 eng d
041 _aeng
080 _a069
_bDES
100 _aDe. Silva, P.H.D.H.
245 _aAncient And Traditional Boxes Caskets And Chests In Sri Lankan Museums
260 _bGodage
_aColombo
_c2015
300 _b180p, 29cm
942 _cBK
999 _c1236
_d1236
003 LK-CoDNM
040 _aLK-CoDNM
_dLK-CoDNM
_eLK-CoDNM